<?xml version="1.0" encoding="UTF-8"?>
<record
    xmlns:xsi="http://www.w3.org/2001/XMLSchema-instance"
    xsi:schemaLocation="http://www.loc.gov/MARC21/slim http://www.loc.gov/standards/marcxml/schema/MARC21slim.xsd"
    xmlns="http://www.loc.gov/MARC21/slim">

  <leader>05656nam a2200349 i 4500</leader>
  <controlfield tag="001">000017859</controlfield>
  <controlfield tag="003">DO-SdBNP</controlfield>
  <controlfield tag="005">20250626143331.0</controlfield>
  <controlfield tag="007">ta</controlfield>
  <controlfield tag="008">100406t1984    dr ac         001 0bspa d</controlfield>
  <datafield tag="040" ind1=" " ind2=" ">
    <subfield code="a">DO-SdBNP</subfield>
    <subfield code="b">spa</subfield>
    <subfield code="c">BNPHU</subfield>
    <subfield code="e">rda</subfield>
  </datafield>
  <datafield tag="041" ind1=" " ind2=" ">
    <subfield code="a">spa</subfield>
  </datafield>
  <datafield tag="082" ind1=" " ind2="4">
    <subfield code="a">923.17293053</subfield>
    <subfield code="b">T866L 1984</subfield>
    <subfield code="2">22</subfield>
  </datafield>
  <datafield tag="100" ind1=" " ind2=" ">
    <subfield code="a">Labourt, Jos&#xE9;,</subfield>
    <subfield code="d">1951-</subfield>
    <subfield code="e">autor</subfield>
    <subfield code="4">aut.</subfield>
    <subfield code="9">19935</subfield>
  </datafield>
  <datafield tag="245" ind1="1" ind2="0">
    <subfield code="a">Trujillo :</subfield>
    <subfield code="b">seguir&#xE9; a caballo /</subfield>
    <subfield code="c">Jos&#xE9; Labourt.</subfield>
  </datafield>
  <datafield tag="250" ind1=" " ind2=" ">
    <subfield code="a">Segunda edici&#xF3;n </subfield>
  </datafield>
  <datafield tag="264" ind1=" " ind2="4">
    <subfield code="a">Santo Domingo :</subfield>
    <subfield code="b">Ediciones de Taller,</subfield>
    <subfield code="c">&#xA9;1984.</subfield>
  </datafield>
  <datafield tag="300" ind1=" " ind2=" ">
    <subfield code="a">229 p&#xE1;ginas :</subfield>
    <subfield code="b">ilustraciones, retratos ;</subfield>
    <subfield code="c">22 cm.</subfield>
  </datafield>
  <datafield tag="336" ind1=" " ind2=" ">
    <subfield code="a">texto</subfield>
    <subfield code="b">txt</subfield>
    <subfield code="2">rdaconten</subfield>
  </datafield>
  <datafield tag="337" ind1=" " ind2=" ">
    <subfield code="a">sin mediaci&#xF3;n</subfield>
    <subfield code="b">n</subfield>
    <subfield code="2">rdamedia</subfield>
  </datafield>
  <datafield tag="338" ind1=" " ind2=" ">
    <subfield code="a">volumen</subfield>
    <subfield code="b">nc</subfield>
    <subfield code="2">rdacarrier</subfield>
  </datafield>
  <datafield tag="490" ind1=" " ind2=" ">
    <subfield code="a">Biblioteca Taller ;</subfield>
    <subfield code="v">144</subfield>
  </datafield>
  <datafield tag="505" ind1=" " ind2=" ">
    <subfield code="a">Antecedentes de Trujillo--</subfield>
    <subfield code="t">1930. A Horacio V&#xE1;squez se lo dec&#xED;an; El Movimiento De Febrero; La 42 impone el terror, 13 -- 1930-31. San Zen&#xF3;n y Trujillo, 19 -- Cipriano Bencosme, 24 -- 1931-32. Palmita, c&#xE9;dula y carnet: "Los tres golpes", 25 -- 1933. La conspiraci&#xF3;n del Coronel Leoncio Blanco (noviazgo de Trujillo y los americanos), 31 -- 1934. La conspiraci&#xF3;n de Santiago; Trujillo reelecto: (votaron hasta los muertos), 37 -- 1935. La soga rompi&#xF3; por lo m&#xE1;s gordo; Mussolini amenaza a Trujillo; El asesinato de Sergio Bencosme, 45 -- Sergio Bencosme, 50 -- 1936. P&#xED;o XI condecora a Trujillo; Dios y Trujillo muere Horacio V&#xE1;squez, 53 -- 1937. La matanza de haitianos; "&#xA1;Diga perejil, co&#xF1;o!", 59 -- Lina Lovat&#xF3;n y el Obelisco, 64 -- 1938. Mozo Peynado, Presidente de la Rep&#xFA;blica; La conferencia de Evians; Trujillo paga los haitianos muertos (a 47 cheles cada uno), 67 -- 1939. La Iglesia Cat&#xF3;lica es m&#xE1;s suya que de Cristo; El viaje de Trujillo a Par&#xED;s, 73 -- Se funda el PRD, 79 -- 1940. "Trujillo huele a cad&#xE1;ver"; Troncoso de la Concha Presidente de la Rep&#xFA;blica; Acuerdo Trujillo-Hull; El General Jos&#xE9; Estrella cae en desgracia, 81 -- 1941. Trujillo le declara la guerra a Alemania; Al igual que los muertos, las mujeres pueden votar; El gobierno recibe las Aduanas, 87 -- 1942. Seguir&#xE9; a caballo; Doctor Honoris Causa por la Universidad de Pittsburgh; La huelga de los trabajadores azucareros, 93 -- Buques, 96 -- Cierra List&#xED;n Diario, 97 -- 1943. Se funda el partido comunista; Termina la amistad de Trujillo y Lescot; "De su &#xF3;bolo para el monumento a la Paz de Trujillo", 99 -- Marxistas se organizan, 105 -- 1944. El Centenario de la Rep&#xFA;blica; Dicayagua; Comienza la construcci&#xF3;n del Palacio Nacional y de la Ciudad Universitaria; Trujillo: "Restaurador de la Independencia Financiera", 107 -- De sombra a Dicayagua, 110 -- Palacio Nacional, 110 -- Comunistas, 111 -- 1945.- Trujillo establece relaciones diplom&#xE1;ticas con la URSS; Juancito Rodr&#xED;guez rompe con la dictadura; Los planes de darle muerte al presidente Lescot, 114 -- Embajador en Mosc&#xFA;, 114 -- Juan Rodr&#xED;guez, 116 -- Ramoncito Espinal, 117 -- 1946. La huelga de los ca&#xF1;eros; Trujillo legaliza el Partido Comunista; el complot de Eugenio Marchena, 119 -- Partido Comunista, 121 -- Complot de Marchena; M&#xE1;s de cien militares muertos, 123 -- 1947. Los preparativos de la expedici&#xF3;n de Cayo Confites; Los comunistas de nuevo a la ilegalidad; Trujillo salda la deuda externa; Los blanquitos de Gurabo, 125 -- 1947-1948. Cayo Confites; Se inaugura la Ciudad Universitaria, 133 -- 1949. La matanza de mango fresco; An&#xED;bal Trujillo (&#xBF;crimen o suicidio?); La expedici&#xF3;n de Luper&#xF3;n, 139 -- 1949-50. La OEA comprueba que Trujillo colabor&#xF3; con Bab&#xED;n Depuy; La armer&#xED;a produce ametralladoras 50; Freddy Valdez y Mauricio B&#xE1;ez, 145 --</subfield>
  </datafield>
  <datafield tag="505" ind1=" " ind2=" ">
    <subfield code="a">1951. El foro p&#xFA;blico: "Jos&#xE9; Pimentel se duerme en la sesiones del congreso"; La muerte de Prim Ram&#xED;rez; Se inaugura el Central R&#xED;o Haina, 151 -- El Quetzal, 155 -- </subfield>
    <subfield code="t">1952. El asesinato de Andr&#xE9;s Requena; H&#xE9;ctor Trujillo, Presidente de la Rep&#xFA;blica; Otro ingenio de Trujillo; Las muchachas ... para que el Jefe las viera, 157 -- 1953. Un ata&#xFA;d persigue a Trujillo, 161 -- Una ni&#xF1;a preferida del jefe, 164 -- Nueva residencia, 165 -- Cinismo, 165 -- 1954.- Trujillo viaja a Europa; El concordato; Ante el Papa P&#xED;o XII, 167 -- 1955. Campe&#xF3;n del anticomunismo; Anselmo Paulino cae en desgracia, 173 -- Donde se cuenta del esplendoroso viaje del contralmirante Lajara Burgos, 174 -- De nuevo Trujillo en los Estados Unidos, 176 -- 1955-56. La Feria de la Paz; El asesinato de Pip&#xED;, 178 -- El Caso del Matum, 178 -- 1955-56. La Feria de la Paz; El asesinato de Pip&#xED; Hern&#xE1;ndez; Germ&#xE1;n E. Ornes va al exilio, 179 -- 1957-58. Desaparici&#xF3;n de Jes&#xFA;s de Gal&#xED;ndez; Muertes de Murphy y De la Maza; Balaguer, Vicepresidente; Sobre Castillo Armas, 185 -- El caso de Jes&#xFA;s de Gal&#xED;ndez, 186 -- La reelecci&#xF3;n de H&#xE9;ctor; Balaguer Vicepresidente, 189 -- Castillo armas, 190 -- Desfile de dictadores, 191 -- Carta a Jos&#xE9; Labourt, 192 -- 1959. La expedici&#xF3;n del 14 de Junio; "Que vengan los barbudos ... para que vean volar sesos y barbas como mariposas"; Ram&#xF3;n Marrero Aristy, 195 -- Los expedicionarios, 201 -- 1960. El SIM impone el terror; Las hermanas Mirabal; El atentado a R&#xF3;mulo Betancourt; Las sanciones de la OEA; "Presiento que voy a dejarlos pronto", 205 -- 1961. Trujillo muere asesinado; Fin de la dictadura, 213 -- Oraci&#xF3;n f&#xFA;nebre del Doctor Balaguer Ante el F&#xE9;retro de Trujillo, 221.</subfield>
  </datafield>
  <datafield tag="590" ind1=" " ind2=" ">
    <subfield code="a">Inventariado, 2025 / YL</subfield>
  </datafield>
  <datafield tag="600" ind1="1" ind2="0">
    <subfield code="a">Trujillo Molina, Rafael Le&#xF3;nidas,</subfield>
    <subfield code="d"> 1891-1961</subfield>
    <subfield code="9">76764</subfield>
  </datafield>
  <datafield tag="650" ind1=" " ind2="4">
    <subfield code="a">Era de Trujioo</subfield>
    <subfield code="y">Historia</subfield>
    <subfield code="9">88195</subfield>
  </datafield>
  <datafield tag="650" ind1=" " ind2="4">
    <subfield code="a">Era de Trujillo</subfield>
    <subfield code="y">1930-1961</subfield>
    <subfield code="9">88196</subfield>
  </datafield>
  <datafield tag="651" ind1=" " ind2="4">
    <subfield code="a">Rep&#xFA;blica Domincana</subfield>
    <subfield code="9">86749</subfield>
  </datafield>
  <datafield tag="910" ind1=" " ind2=" ">
    <subfield code="a">Validado. Control de calidad EMS.</subfield>
  </datafield>
  <datafield tag="942" ind1=" " ind2=" ">
    <subfield code="2">ddc</subfield>
    <subfield code="c">LBS1</subfield>
  </datafield>
  <datafield tag="952" ind1=" " ind2=" ">
    <subfield code="0">0</subfield>
    <subfield code="1">0</subfield>
    <subfield code="2">ddc</subfield>
    <subfield code="5">1</subfield>
    <subfield code="7">0</subfield>
    <subfield code="8">PD</subfield>
    <subfield code="a">BNPHU</subfield>
    <subfield code="b">BNPHU</subfield>
    <subfield code="c">HD</subfield>
    <subfield code="d">2010-04-06</subfield>
    <subfield code="l">0</subfield>
    <subfield code="o">BNPHU PD 923.17293053 T866L 1984</subfield>
    <subfield code="p">17859-10</subfield>
    <subfield code="r">2020-06-25</subfield>
    <subfield code="y">LBS1</subfield>
    <subfield code="Z">No se presta</subfield>
  </datafield>
  <datafield tag="952" ind1=" " ind2=" ">
    <subfield code="0">0</subfield>
    <subfield code="1">0</subfield>
    <subfield code="2">ddc</subfield>
    <subfield code="5">1</subfield>
    <subfield code="7">0</subfield>
    <subfield code="8">PD</subfield>
    <subfield code="a">BNPHU</subfield>
    <subfield code="b">BNPHU</subfield>
    <subfield code="c">HD</subfield>
    <subfield code="d">1985-01-22</subfield>
    <subfield code="l">0</subfield>
    <subfield code="o">BNPHU PD 923.17293053 T866L 1984</subfield>
    <subfield code="p">2023-8293</subfield>
    <subfield code="r">2023-12-07</subfield>
    <subfield code="t">e.2</subfield>
    <subfield code="y">LBS1</subfield>
  </datafield>
  <datafield tag="952" ind1=" " ind2=" ">
    <subfield code="0">0</subfield>
    <subfield code="1">0</subfield>
    <subfield code="2">ddc</subfield>
    <subfield code="5">6</subfield>
    <subfield code="7">0</subfield>
    <subfield code="8">DS</subfield>
    <subfield code="a">BNPHU</subfield>
    <subfield code="b">BNPHU</subfield>
    <subfield code="c">HD</subfield>
    <subfield code="d">2023-12-01</subfield>
    <subfield code="e">Donado por la Presidencia de la Rep&#xFA;blica Dominicana 2023</subfield>
    <subfield code="l">0</subfield>
    <subfield code="o">BNPHU DS 923.17293053 T866L 1984</subfield>
    <subfield code="p">2025-1003</subfield>
    <subfield code="r">2025-02-17</subfield>
    <subfield code="t">e.3</subfield>
    <subfield code="w">2025-02-17</subfield>
    <subfield code="y">LBS1</subfield>
    <subfield code="z">Perteneci&#xF3; a la biblioteca personal de Ren&#xE9; Rodr&#xED;guez Soriano</subfield>
  </datafield>
  <datafield tag="952" ind1=" " ind2=" ">
    <subfield code="0">0</subfield>
    <subfield code="1">0</subfield>
    <subfield code="2">ddc</subfield>
    <subfield code="5">6</subfield>
    <subfield code="7">0</subfield>
    <subfield code="8">DS</subfield>
    <subfield code="a">BNPHU</subfield>
    <subfield code="b">BNPHU</subfield>
    <subfield code="c">HD</subfield>
    <subfield code="d">2025-06-25</subfield>
    <subfield code="e">Donado por Ilonka Nacidit Perdomo</subfield>
    <subfield code="l">0</subfield>
    <subfield code="o">BNPHU DS 923.17293053 T866L 1984</subfield>
    <subfield code="p">2025-5596</subfield>
    <subfield code="r">2025-06-25</subfield>
    <subfield code="t">e.4</subfield>
    <subfield code="w">2025-06-25</subfield>
    <subfield code="y">LBS1</subfield>
  </datafield>
  <datafield tag="999" ind1=" " ind2=" ">
    <subfield code="c">17383</subfield>
    <subfield code="d">17383</subfield>
  </datafield>
</record>
